000 00360nam a2200133Ia 4500
008 240624s9999 xx 000 0 und d
041 _aeng
082 _a658.4092 THO
100 _aTHOMSON BOB
245 _aGROWING PEOPLE LEARNING AND DEVELOPING F
260 _c2006
_aOxford
_bChandos Publishing
300 _axxiii, : 151 : p. : cm. ; 23
365 _cGBP
_b28
999 _c22645
_d22645